[Event "Hastings Masters"]
[Site "Horntye, Hastings"]
[Date "2018.01.04"]
[Round "8.9"]
[White "Boino, Claudio"]
[Black "Buchenau, Frank"]
[Result "1/2-1/2"]
[BlackElo "2236"]
[WhiteElo "2123"]
[LiveChessVersion "1.4.8"]

1. d4 {[%clk 1:40:58]} e6 {[%clk 1:39:54]} 2. c4 {[%clk 1:41:15]} Nf6
{[%clk 1:40:16]} 3. Nf3 {[%clk 1:41:38]} b6 {[%clk 1:40:33]} 4. g3
{[%clk 1:42:02]} Bb7 {[%clk 1:40:56]} 5. Bg2 {[%clk 1:42:25]} Be7
{[%clk 1:41:20]} 6. O-O {[%clk 1:42:47]} O-O {[%clk 1:41:41]} 7. Nc3
{[%clk 1:43:13]} Ne4 {[%clk 1:42:01]} 8. Bd2 {[%clk 1:43:36]} f5 {[%clk 1:42:02]}
9. Rc1 {[%clk 1:43:43]} Bf6 {[%clk 1:42:05]} 10. h4 {[%clk 1:44:04]} c5
{[%clk 1:29:15]} 11. dxc5 {[%clk 1:36:56]} bxc5 {[%clk 1:27:27]} 12. Bf4
{[%clk 1:26:33]} Nxc3 {[%clk 1:06:53]} 13. bxc3 {[%clk 1:26:46]} Be4
{[%clk 1:05:24]} 14. Bd6 {[%clk 1:17:50]} Be7 {[%clk 0:58:46]} 15. Ne5
{[%clk 1:16:57]} Bxg2 {[%clk 0:50:24]} 16. Kxg2 {[%clk 1:17:17]} f4
{[%clk 0:40:17]} 17. Qd3 {[%clk 1:12:33]} Rf5 {[%clk 0:37:01]} 18. Rcd1
{[%clk 1:03:53]} Qf8 {[%clk 0:29:27]} 19. Bxe7 {[%clk 1:01:03]} Qxe7
{[%clk 0:29:49]} 20. Qe4 {[%clk 1:00:58]} Nc6 {[%clk 0:27:16]} 21. Nxc6
{[%clk 1:01:17]} dxc6 {[%clk 0:27:28]} 22. Qxc6 {[%clk 1:01:35]} Raf8
{[%clk 0:26:55]} 23. g4 {[%clk 0:55:28]} Re5 {[%clk 0:23:02]} 24. Kh3
{[%clk 0:43:39]} Rxe2 {[%clk 0:20:24]} 25. a4 {[%clk 0:42:30]} Qf6
{[%clk 0:19:39]} 26. Rd3 {[%clk 0:42:44]} Qe5 {[%clk 0:17:16]} 27. Qd6
{[%clk 0:42:22]} Qe4 {[%clk 0:16:44]} 28. h5 {[%clk 0:36:22]} Rc2
{[%clk 0:16:30]} 29. h6 {[%clk 0:32:43]} gxh6 {[%clk 0:16:02]} 30. f3
{[%clk 0:30:15]} Qe2 {[%clk 0:15:57]} 31. Rf2 {[%clk 0:29:57]} Qe1
{[%clk 0:11:50]} 32. Rd1 {[%clk 0:30:16]} Qxd1 {[%clk 0:07:33]} 33. Qxd1
{[%clk 0:30:29]} Rxf2 {[%clk 0:08:01]} 34. Qd3 {[%clk 0:30:35]} Re8
{[%clk 0:05:45]} 35. Qe4 {[%clk 0:30:50]} e5 {[%clk 0:03:11]} 36. Qd5+
{[%clk 0:30:49]} Kh8 {[%clk 0:03:01]} 37. Qc6 {[%clk 0:31:02]} Rf8
{[%clk 0:02:55]} 38. Qd5 {[%clk 0:30:43]} Re2 {[%clk 0:02:02]} 39. Qxc5
{[%clk 0:30:40]} Rf7 {[%clk 0:01:45]} 40. Qd5 {[%clk 0:30:21]} Kg7
{[%clk 0:01:51]} 41. c5 {[%clk 0:30:11]} e4 {[%clk 0:41:51]} 42. Qe5+
{[%clk 1:20:16]} Kg6 {[%clk 0:40:02]} 43. Qe6+ {[%clk 1:19:39]} Kg7
{[%clk 0:40:18]} 44. Qe5+ {[%clk 1:19:39]} Kg6 {[%clk 0:40:35]} 45. Qe6+
{[%clk 1:19:54]} Kg7 {[%clk 0:40:57]} 46. Qe5+ {[%clk 1:20:17]} Kg6 1/2-1/2

[Event "Hastings Masters"]
[Site "Horntye, Hastings"]
[Date "2018.01.04"]
[Round "8.10"]
[White "Cherniaev, Alexander"]
[Black "Coleman, David J"]
[Result "1-0"]
[BlackElo "2076"]
[WhiteElo "2436"]
[LiveChessVersion "1.4.8"]

1. d4 {[%clk 1:40:15]} Nf6 {[%clk 1:40:50]} 2. Nf3 {[%clk 1:40:33]} g6
{[%clk 1:41:09]} 3. g3 {[%clk 1:40:10]} Bg7 {[%clk 1:41:31]} 4. Bg2
{[%clk 1:40:23]} O-O {[%clk 1:41:51]} 5. O-O {[%clk 1:40:42]} c6 {[%clk 1:41:33]}
6. c4 {[%clk 1:41:03]} d6 {[%clk 1:41:52]} 7. h3 {[%clk 1:39:47]} Nbd7
{[%clk 1:42:07]} 8. Nc3 {[%clk 1:40:07]} Qa5 {[%clk 1:42:23]} 9. Bd2
{[%clk 1:38:35]} Qc7 {[%clk 1:32:13]} 10. e4 {[%clk 1:37:43]} e5 {[%clk 1:31:49]}
11. Be3 {[%clk 1:37:12]} exd4 {[%clk 1:31:12]} 12. Nxd4 {[%clk 1:37:21]} Re8
{[%clk 1:26:40]} 13. Re1 {[%clk 1:36:06]} a6 {[%clk 1:17:51]} 14. f4
{[%clk 1:21:31]} Nc5 {[%clk 1:08:53]} 15. Bf2 {[%clk 1:21:49]} Ne6
{[%clk 1:03:44]} 16. Nb3 {[%clk 1:18:46]} b6 {[%clk 1:00:35]} 17. Rc1
{[%clk 1:18:51]} Nd7 {[%clk 0:58:30]} 18. Qd2 {[%clk 1:15:45]} Nec5
{[%clk 0:54:50]} 19. Nd4 {[%clk 1:15:51]} Bb7 {[%clk 0:52:53]} 20. b4
{[%clk 1:14:01]} Ne6 {[%clk 0:52:42]} 21. Nb3 {[%clk 1:14:20]} Rad8
{[%clk 0:51:46]} 22. a3 {[%clk 1:00:39]} Qb8 {[%clk 0:49:30]} 23. Red1
{[%clk 1:00:52]} Bf8 {[%clk 0:49:04]} 24. Kh2 {[%clk 0:53:56]} Ba8
{[%clk 0:48:02]} 25. Rc2 {[%clk 0:53:29]} Nc7 {[%clk 0:44:41]} 26. Qc1
{[%clk 0:45:39]} Ne6 {[%clk 0:40:51]} 27. Rcd2 {[%clk 0:45:26]} Nf6
{[%clk 0:37:20]} 28. Qc2 {[%clk 0:43:49]} Bh6 {[%clk 0:28:37]} 29. Kg1
{[%clk 0:38:29]} Bg7 {[%clk 0:20:39]} 30. c5 {[%clk 0:38:23]} bxc5
{[%clk 0:15:35]} 31. bxc5 {[%clk 0:38:48]} Nxc5 {[%clk 0:13:13]} 32. Nxc5
{[%clk 0:38:39]} dxc5 {[%clk 0:13:38]} 33. Na4 {[%clk 0:35:28]} Rxd2
{[%clk 0:12:51]} 34. Rxd2 {[%clk 0:35:56]} h5 {[%clk 0:11:44]} 35. Nxc5
{[%clk 0:26:00]} h4 {[%clk 0:11:45]} 36. Nxa6 {[%clk 0:26:25]} Qc8
{[%clk 0:11:31]} 37. Nc5 {[%clk 0:26:53]} Nh5 {[%clk 0:09:34]} 38. Rd3
{[%clk 0:18:59]} Qb8 {[%clk 0:06:17]} 39. e5 hxg3 {[%clk 0:06:20]} 40. Bxg3
{[%clk 0:19:10]} g5 {[%clk 0:03:56]} 41. Nd7 {[%clk 0:05:06]} Qc7
{[%clk 0:49:32]} 42. Qd1 {[%clk 0:54:50]} Nxg3 {[%clk 0:42:37]} 43. Rxg3
{[%clk 0:55:11]} Rd8 {[%clk 0:41:25]} 44. Rd3 {[%clk 0:54:22]} Bb7
{[%clk 0:34:58]} 45. Qg4 {[%clk 0:47:18]} Bc8 {[%clk 0:33:45]} 46. Qxg5
{[%clk 0:47:06]} Rxd7 {[%clk 0:33:31]} 47. Rg3 {[%clk 0:47:34]} f6
{[%clk 0:31:38]} 48. exf6 {[%clk 0:48:02]} Qa7+ {[%clk 0:28:32]} 49. Kh2
{[%clk 0:48:24]} Qf2 {[%clk 0:27:39]} 50. Qe5 {[%clk 0:44:03]} Ra7
{[%clk 0:12:23]} 51. fxg7 {[%clk 0:39:38]} Bd7 {[%clk 0:11:45]} 52. Qf6
{[%clk 0:39:30]} Ra8 {[%clk 0:11:37]} 53. Qh6 {[%clk 0:39:50]} 1-0

[Event "Hastings Masters"]
[Site "Horntye, Hastings"]
[Date "2018.01.04"]
[Round "8.11"]
[White "Oyama, Akito"]
[Black "Wegerle, Joerg"]
[Result "1/2-1/2"]
[BlackElo "2421"]
[WhiteElo "2185"]
[LiveChessVersion "1.4.8"]

1. e4 {[%clk 1:40:56]} c5 {[%clk 1:40:53]} 2. Nc3 {[%clk 1:41:15]} Nc6
{[%clk 1:40:52]} 3. Bb5 {[%clk 1:41:39]} Nd4 {[%clk 1:40:24]} 4. Nf3
{[%clk 1:41:33]} Nxb5 {[%clk 1:37:13]} 5. Nxb5 {[%clk 1:41:57]} d6
{[%clk 1:28:42]} 6. d4 {[%clk 1:37:54]} Bd7 {[%clk 1:13:36]} 7. Nc3
{[%clk 1:32:37]} cxd4 {[%clk 1:10:09]} 8. Qxd4 {[%clk 1:31:16]} Bc6
{[%clk 1:06:18]} 9. O-O {[%clk 1:27:36]} Nf6 {[%clk 1:05:14]} 10. Bg5
{[%clk 1:26:31]} e5 {[%clk 0:51:47]} 11. Qd3 {[%clk 1:25:53]} Be7
{[%clk 0:48:24]} 12. Rfd1 {[%clk 1:14:26]} Qa5 {[%clk 0:43:17]} 13. a3
{[%clk 0:54:51]} Qa6 {[%clk 0:20:42]} 14. Bxf6 {[%clk 0:47:04]} Qxd3
{[%clk 0:20:07]} 15. Rxd3 {[%clk 0:47:30]} gxf6 {[%clk 0:20:00]} 16. Nh4
{[%clk 0:47:40]} Bd7 {[%clk 0:17:42]} 17. Nd5 {[%clk 0:47:01]} Rc8
{[%clk 0:17:53]} 18. Ne3 {[%clk 0:46:51]} Rc6 {[%clk 0:16:53]} 19. Rad1
{[%clk 0:46:23]} Be6 {[%clk 0:15:38]} 20. R1d2 {[%clk 0:44:10]} Kd7
{[%clk 0:14:55]} 21. Nhf5 {[%clk 0:43:53]} Rhc8 {[%clk 0:14:22]} 22. c3
{[%clk 0:33:16]} b5 {[%clk 0:13:09]} 23. f3 {[%clk 0:30:20]} a5 {[%clk 0:12:01]}
24. Kf2 {[%clk 0:29:27]} Rb8 {[%clk 0:10:30]} 25. g4 {[%clk 0:23:09]} Rbb6
{[%clk 0:05:35]} 26. Nd5 {[%clk 0:21:25]} Bxd5 {[%clk 0:05:03]} 27. Rxd5
{[%clk 0:21:53]} Rc4 {[%clk 0:03:36]} 28. Kg3 {[%clk 0:19:03]} Bf8
{[%clk 0:03:07]} 29. Ne3 {[%clk 0:17:22]} Rc8 {[%clk 0:02:06]} 30. Nf5
{[%clk 0:16:54]} Rc4 {[%clk 0:02:29]} 31. Ne3 {[%clk 0:15:23]} Rc8
{[%clk 0:02:49]} 32. Nf5 {[%clk 0:15:41]} Rc4 1/2-1/2

[Event "Hastings Masters"]
[Site "Horntye, Hastings"]
[Date "2018.01.04"]
[Round "8.13"]
[White "Lalic, Bogdan"]
[Black "Sugden, John N"]
[Result "1-0"]
[BlackElo "2059"]
[WhiteElo "2415"]
[LiveChessVersion "1.4.8"]

1. d4 {[%clk 1:38:35]} Nf6 {[%clk 1:40:36]} 2. Nf3 {[%clk 1:38:56]} e6
{[%clk 1:38:57]} 3. c4 {[%clk 1:39:18]} c5 {[%clk 1:38:08]} 4. d5
{[%clk 1:39:42]} exd5 {[%clk 1:38:29]} 5. cxd5 {[%clk 1:40:06]} d6
{[%clk 1:38:43]} 6. Nc3 {[%clk 1:40:31]} g6 {[%clk 1:39:03]} 7. h3
{[%clk 1:40:55]} Bg7 {[%clk 1:39:15]} 8. e4 {[%clk 1:41:20]} O-O {[%clk 1:39:19]}
9. Bd3 {[%clk 1:41:45]} b6 {[%clk 1:38:33]} 10. O-O {[%clk 1:41:58]} Ba6
{[%clk 1:37:55]} 11. Bf4 {[%clk 1:39:06]} b5 {[%clk 1:11:33]} 12. Bxb5
{[%clk 1:31:33]} Bxb5 {[%clk 0:59:04]} 13. Nxb5 {[%clk 1:31:57]} Nxe4
{[%clk 0:58:40]} 14. Qc2 {[%clk 1:30:31]} a6 {[%clk 0:55:00]} 15. Na3
{[%clk 1:30:20]} f5 {[%clk 0:49:11]} 16. Nc4 {[%clk 1:30:44]} g5 {[%clk 0:44:24]}
17. Bh2 {[%clk 1:28:56]} Ra7 {[%clk 0:40:16]} 18. Rae1 {[%clk 1:24:28]} Re7
{[%clk 0:35:22]} 19. Rxe4 {[%clk 1:21:55]} Rxe4 {[%clk 0:31:42]} 20. Nxd6
{[%clk 1:22:20]} Rb4 {[%clk 0:29:44]} 21. Nxf5 {[%clk 1:22:44]} Nd7
{[%clk 0:26:32]} 22. b3 {[%clk 1:20:24]} Qf6 {[%clk 0:22:01]} 23. Ne3
{[%clk 1:17:12]} h5 {[%clk 0:13:44]} 24. d6 {[%clk 1:17:00]} g4 {[%clk 0:06:34]}
25. Nd5 {[%clk 1:17:21]} Qh6 {[%clk 0:06:10]} 26. Nh4 {[%clk 1:09:00]} Rbb8
{[%clk 0:03:56]} 27. Ne7+ {[%clk 1:09:12]} Kf7 {[%clk 0:04:05]} 28. Re1
{[%clk 1:08:17]} Rb4 {[%clk 0:02:29]} 29. Qf5+ {[%clk 1:08:25]} 1-0

[Event "Hastings Masters"]
[Site "Horntye, Hastings"]
[Date "2018.01.04"]
[Round "8.14"]
[White "Mannion, Stephen R"]
[Black "Hewson, Brian W R"]
[Result "1-0"]
[BlackElo "2007"]
[WhiteElo "2285"]
[LiveChessVersion "1.4.8"]

1. e4 {[%clk 1:40:58]} c6 {[%clk 1:40:50]} 2. d4 {[%clk 1:41:24]} d5
{[%clk 1:41:15]} 3. e5 {[%clk 1:41:50]} c5 {[%clk 1:41:37]} 4. dxc5
{[%clk 1:42:08]} e6 {[%clk 1:42:02]} 5. Nf3 {[%clk 1:42:11]} Bxc5
{[%clk 1:42:07]} 6. Bd3 {[%clk 1:42:30]} Nc6 {[%clk 1:39:18]} 7. a3
{[%clk 1:42:29]} Qc7 {[%clk 1:35:29]} 8. b4 {[%clk 1:28:11]} Bb6 {[%clk 1:32:17]}
9. Bb2 {[%clk 1:28:11]} Nge7 {[%clk 1:32:17]} 10. O-O {[%clk 1:28:02]} Ng6
{[%clk 1:31:04]} 11. Re1 {[%clk 1:28:11]} Qe7 {[%clk 1:24:42]} 12. Nbd2
{[%clk 1:17:13]} Nh4 {[%clk 1:20:12]} 13. Qe2 {[%clk 1:14:34]} Nxf3+
{[%clk 1:20:18]} 14. Nxf3 {[%clk 1:14:57]} Bd7 {[%clk 1:19:33]} 15. c4
{[%clk 1:13:19]} dxc4 {[%clk 1:19:09]} 16. Bxc4 {[%clk 1:13:46]} a6
{[%clk 1:18:17]} 17. Qe4 {[%clk 1:09:02]} Rc8 {[%clk 1:08:18]} 18. Rac1
{[%clk 1:08:05]} Nd8 {[%clk 0:51:49]} 19. Qg4 {[%clk 1:05:55]} Qf8
{[%clk 0:48:28]} 20. Red1 {[%clk 1:04:54]} g6 {[%clk 0:43:01]} 21. Ng5
{[%clk 1:01:54]} Bc6 {[%clk 0:37:35]} 22. b5 {[%clk 1:02:03]} h5 {[%clk 0:33:20]}
23. Qf4 {[%clk 1:00:26]} axb5 {[%clk 0:33:32]} 24. Bxb5 {[%clk 1:00:43]} Qg7
{[%clk 0:33:24]} 25. Qb4 {[%clk 0:56:04]} Bc7 {[%clk 0:29:17]} 26. Ne4
{[%clk 0:54:42]} Bxe5 {[%clk 0:27:38]} 27. Bxe5 {[%clk 0:53:39]} Qxe5
{[%clk 0:27:50]} 28. Nd6+ 1-0

[Event "Hastings Masters"]
[Site "Horntye, Hastings"]
[Date "2018.01.04"]
[Round "8.15"]
[White "Pitschka, Claus"]
[Black "Eames, Robert S"]
[Result "1-0"]
[BlackElo "2159"]
[WhiteElo "2249"]
[LiveChessVersion "1.4.8"]

1. d4 {[%clk 1:28:19]} Nf6 {[%clk 1:40:14]} 2. Bf4 {[%clk 1:28:41]} c5
{[%clk 1:39:52]} 3. d5 {[%clk 1:28:44]} b5 {[%clk 1:38:41]} 4. a4
{[%clk 1:28:34]} Bb7 {[%clk 1:34:58]} 5. e4 {[%clk 1:28:25]} Nxe4
{[%clk 1:30:50]} 6. axb5 {[%clk 1:28:15]} d6 {[%clk 1:29:57]} 7. Bc4
{[%clk 1:24:05]} g5 {[%clk 1:28:21]} 8. Be3 {[%clk 1:21:08]} Bg7 {[%clk 1:27:03]}
9. Qd3 {[%clk 1:10:53]} Nf6 {[%clk 1:24:38]} 10. Bxg5 {[%clk 1:10:54]} Nbd7
{[%clk 1:24:44]} 11. Nf3 {[%clk 1:10:40]} Nb6 {[%clk 1:19:25]} 12. Nc3
{[%clk 1:08:36]} Qd7 {[%clk 1:19:24]} 13. O-O {[%clk 1:08:01]} Qg4
{[%clk 1:18:58]} 14. b3 {[%clk 1:04:21]} Nfd7 {[%clk 1:12:16]} 15. Rae1
{[%clk 0:52:44]} f6 {[%clk 0:47:27]} 16. Bd2 {[%clk 0:42:49]} f5 {[%clk 0:42:17]}
17. h3 {[%clk 0:36:13]} Qh5 {[%clk 0:42:04]} 18. Ne2 {[%clk 0:36:34]} Be5
{[%clk 0:25:25]} 19. Nf4 {[%clk 0:29:58]} Bxf4 {[%clk 0:22:08]} 20. Bxf4
{[%clk 0:29:50]} Rg8 {[%clk 0:21:50]} 21. Bxd6 {[%clk 0:28:29]} O-O-O
{[%clk 0:20:34]} 22. Rxe7 {[%clk 0:21:52]} Qxh3 {[%clk 0:15:44]} 23. Bg3
{[%clk 0:21:48]} Qg4 {[%clk 0:15:54]} 24. Qd2 {[%clk 0:18:29]} Rdf8
{[%clk 0:13:54]} 25. Qf4 {[%clk 0:16:15]} Qxf4 {[%clk 0:13:57]} 26. Bxf4
{[%clk 0:16:39]} Bxd5 {[%clk 0:10:42]} 27. Nh4 {[%clk 0:13:19]} Nxc4
{[%clk 0:07:22]} 28. bxc4 {[%clk 0:13:28]} Bxc4 {[%clk 0:07:48]} 29. Ra1
{[%clk 0:13:09]} Kd8 {[%clk 0:06:28]} 30. Rxh7 {[%clk 0:12:46]} Bxb5
{[%clk 0:06:47]} 31. Rxa7 {[%clk 0:12:27]} Bc6 {[%clk 0:06:38]} 32. Kf1
{[%clk 0:09:21]} Re8 {[%clk 0:06:12]} 33. c4 {[%clk 0:07:57]} Re4
{[%clk 0:06:18]} 34. Bc7+ {[%clk 0:06:56]} Kc8 {[%clk 0:04:20]} 35. Nxf5
{[%clk 0:06:49]} Re6 {[%clk 0:04:45]} 36. g3 {[%clk 0:05:11]} Bb7
{[%clk 0:03:37]} 37. Ne7+ {[%clk 0:03:51]} Kxc7 {[%clk 0:03:54]} 38. Nxg8
{[%clk 0:04:10]} Rd6 {[%clk 0:04:10]} 39. Nf6 {[%clk 0:03:04]} Rxf6
{[%clk 0:04:08]} 40. Rxb7+ {[%clk 0:03:26]} Kxb7 {[%clk 0:04:32]} 41. Rxd7+
{[%clk 0:03:40]} Kc6 {[%clk 0:02:28]} 42. Rd3 {[%clk 0:04:00]} Rf8
{[%clk 0:02:04]} 43. f4 {[%clk 0:03:23]} Re8 {[%clk 0:48:51]} 44. f5
{[%clk 0:51:39]} Re5 {[%clk 0:48:21]} 45. Rd5 {[%clk 0:49:12]} Re4
{[%clk 0:47:25]} 46. f6 {[%clk 0:48:49]} Rxc4 {[%clk 0:47:41]} 47. Rf5
{[%clk 0:48:57]} 1-0

[Event "Hastings Masters"]
[Site "Horntye, Hastings"]
[Date "2018.01.04"]
[Round "8.16"]
[White "Wall, Tim P"]
[Black "Norinkeviciute, Rasa"]
[Result "1-0"]
[BlackElo "1993"]
[WhiteElo "2236"]
[LiveChessVersion "1.4.8"]

1. b3 {[%clk 1:40:55]} Nf6 {[%clk 1:40:36]} 2. Bb2 {[%clk 1:41:08]} g6
{[%clk 1:41:03]} 3. Bxf6 {[%clk 1:41:13]} exf6 {[%clk 1:41:25]} 4. c4
{[%clk 1:41:34]} d5 {[%clk 1:40:32]} 5. cxd5 {[%clk 1:41:51]} Qxd5
{[%clk 1:40:52]} 6. Nc3 {[%clk 1:42:12]} Qd8 {[%clk 1:40:19]} 7. Nf3
{[%clk 1:41:58]} Bg7 {[%clk 1:40:28]} 8. e3 {[%clk 1:38:24]} O-O {[%clk 1:37:04]}
9. Be2 {[%clk 1:34:58]} Nc6 {[%clk 1:35:56]} 10. O-O {[%clk 1:34:55]} Ne5
{[%clk 1:33:36]} 11. d4 {[%clk 1:33:03]} Nxf3+ {[%clk 1:33:55]} 12. Bxf3
{[%clk 1:33:21]} f5 {[%clk 1:32:35]} 13. Rc1 {[%clk 1:31:20]} f4 {[%clk 1:16:10]}
14. exf4 {[%clk 1:24:48]} Bxd4 {[%clk 0:59:35]} 15. Nb5 {[%clk 1:24:13]} Bb6
{[%clk 0:59:43]} 16. Qxd8 {[%clk 1:22:38]} Rxd8 {[%clk 0:58:45]} 17. Nxc7
{[%clk 1:21:29]} Rb8 {[%clk 0:33:48]} 18. Nd5 {[%clk 1:14:56]} Be6
{[%clk 0:33:21]} 19. Nxb6 {[%clk 1:15:04]} axb6 {[%clk 0:33:49]} 20. Rfd1
{[%clk 1:15:18]} Rxd1+ {[%clk 0:26:16]} 21. Rxd1 {[%clk 1:14:50]} b5
{[%clk 0:26:33]} 22. g4 {[%clk 1:12:04]} Kf8 {[%clk 0:19:42]} 23. h3
{[%clk 1:05:27]} Ke7 {[%clk 0:18:32]} 24. Rd2 {[%clk 1:03:51]} h5
{[%clk 0:14:36]} 25. Kg2 {[%clk 1:02:22]} hxg4 {[%clk 0:14:32]} 26. hxg4
{[%clk 1:02:41]} Bd7 {[%clk 0:13:02]} 27. Kg3 {[%clk 0:53:50]} Bc6
{[%clk 0:12:10]} 28. g5 {[%clk 0:50:44]} Rg8 {[%clk 0:05:46]} 29. b4
{[%clk 0:38:55]} Ra8 {[%clk 0:04:06]} 30. Bd1 {[%clk 0:38:53]} Ra3+
{[%clk 0:02:31]} 31. Bb3 {[%clk 0:39:15]} Bd7 {[%clk 0:02:35]} 32. Re2+
{[%clk 0:36:02]} Be6 {[%clk 0:02:15]} 33. Re3 {[%clk 0:36:11]} Ra6
{[%clk 0:01:41]} 34. Re5 {[%clk 0:23:37]} Rb6 {[%clk 0:01:03]} 35. Kf3
{[%clk 0:23:36]} Kd6 {[%clk 0:01:19]} 36. Ke4 {[%clk 0:23:42]} Bf5+
{[%clk 0:00:41]} 37. Kd4 {[%clk 0:22:58]} Be6 {[%clk 0:01:06]} 38. f3
{[%clk 0:20:04]} Kd7 {[%clk 0:00:39]} 39. Rc5 {[%clk 0:15:17]} Kd6
{[%clk 0:00:43]} 40. Bd5 {[%clk 0:13:57]} Kd7 {[%clk 0:00:33]} 41. Ke5
{[%clk 0:11:41]} Kd8 {[%clk 0:41:52]} 42. f5 {[%clk 0:51:18]} Bxf5
{[%clk 0:38:19]} 43. Bxf7 {[%clk 0:51:22]} Kd7 {[%clk 0:37:46]} 44. Bd5
{[%clk 0:47:30]} Bb1 {[%clk 0:32:03]} 45. Rc1 {[%clk 0:45:35]} Bf5
{[%clk 0:29:54]} 46. Rh1 {[%clk 0:45:47]} Kc7 {[%clk 0:28:14]} 47. Rh7+
{[%clk 0:45:01]} Kb8 {[%clk 0:28:23]} 48. Rf7 {[%clk 0:44:52]} Bb1
{[%clk 0:26:37]} 49. Rf6 {[%clk 0:44:40]} Kc7 {[%clk 0:26:56]} 50. Rxb6
{[%clk 0:45:02]} Kxb6 {[%clk 0:27:22]} 51. Be4 {[%clk 0:45:16]} 1-0

[Event "Hastings Masters"]
[Site "Horntye, Hastings"]
[Date "2018.01.04"]
[Round "8.17"]
[White "Willson, Ollie"]
[Black "Royset, Pal"]
[Result "0-1"]
[BlackElo "2208"]
[WhiteElo "2057"]
[LiveChessVersion "1.4.8"]

1. d4 {[%clk 1:40:58]} d5 {[%clk 1:39:45]} 2. Nf3 {[%clk 1:41:04]} Nf6
{[%clk 1:39:25]} 3. c4 {[%clk 1:41:15]} e6 {[%clk 1:38:44]} 4. g3
{[%clk 1:38:53]} c5 {[%clk 1:36:22]} 5. Bg2 {[%clk 1:36:36]} Nc6 {[%clk 1:36:44]}
6. O-O {[%clk 1:35:31]} dxc4 {[%clk 1:34:22]} 7. dxc5 {[%clk 1:14:26]} Qxd1
{[%clk 1:26:44]} 8. Rxd1 {[%clk 1:14:52]} Bxc5 {[%clk 1:26:49]} 9. Nbd2
{[%clk 1:14:31]} Ke7 {[%clk 1:19:09]} 10. Nxc4 {[%clk 1:13:08]} Ng4
{[%clk 1:18:03]} 11. e3 {[%clk 1:12:42]} f6 {[%clk 1:09:59]} 12. h3
{[%clk 0:48:42]} Nh6 {[%clk 1:09:28]} 13. Bd2 {[%clk 0:46:50]} Bd7
{[%clk 1:06:08]} 14. Rac1 {[%clk 0:42:59]} Rac8 {[%clk 1:02:59]} 15. a3
{[%clk 0:40:04]} a6 {[%clk 1:00:31]} 16. Ne1 {[%clk 0:31:41]} Nf7
{[%clk 0:54:37]} 17. Nd3 {[%clk 0:29:24]} Ba7 {[%clk 0:54:37]} 18. Na5
{[%clk 0:26:06]} Nfd8 {[%clk 0:51:03]} 19. Nxc6+ {[%clk 0:23:44]} Nxc6
{[%clk 0:50:04]} 20. Nc5 {[%clk 0:21:53]} Bxc5 {[%clk 0:46:46]} 21. Rxc5
{[%clk 0:22:19]} b6 {[%clk 0:42:16]} 22. Rc2 {[%clk 0:14:25]} a5 {[%clk 0:41:46]}
23. Bc3 {[%clk 0:12:42]} Ne5 {[%clk 0:41:15]} 24. Rd4 {[%clk 0:11:38]} Bb5
{[%clk 0:39:36]} 25. Bb7 {[%clk 0:06:13]} Rc4 {[%clk 0:34:57]} 26. Rxc4
{[%clk 0:05:58]} Nxc4 {[%clk 0:35:06]} 27. Bd4 {[%clk 0:06:08]} e5
{[%clk 0:33:48]} 28. a4 {[%clk 0:05:43]} exd4 {[%clk 0:30:15]} 29. axb5
{[%clk 0:06:39]} Nd6 {[%clk 0:29:49]} 30. Bc6 {[%clk 0:04:18]} dxe3
{[%clk 0:28:35]} 31. fxe3 {[%clk 0:02:47]} Rc8 {[%clk 0:28:27]} 32. Rd2
{[%clk 0:02:59]} Rc7 {[%clk 0:28:14]} 33. Kg2 {[%clk 0:03:02]} Nc4
{[%clk 0:27:49]} 34. Re2 {[%clk 0:02:35]} Ne5 {[%clk 0:27:09]} 35. Be4
{[%clk 0:03:01]} h6 {[%clk 0:26:44]} 36. Rc2 {[%clk 0:00:37]} Rxc2+
{[%clk 0:26:07]} 37. Bxc2 {[%clk 0:01:05]} Kd6 {[%clk 0:26:22]} 38. Kf2
{[%clk 0:00:44]} Kc5 {[%clk 0:26:39]} 39. Ke2 {[%clk 0:00:34]} Kxb5
{[%clk 0:26:24]} 40. Bf5 {[%clk 0:00:35]} Kc5 {[%clk 0:22:22]} 41. Be6
{[%clk 0:41:27]} a4 {[%clk 1:08:53]} 42. Ba2 {[%clk 0:38:34]} Kb4
{[%clk 1:08:35]} 0-1

[Event "Hastings Masters"]
[Site "Horntye, Hastings"]
[Date "2018.01.04"]
[Round "8.18"]
[White "Murphy, Conor E"]
[Black "Ruane, Brendan J"]
[Result "1-0"]
[BlackElo "1838"]
[WhiteElo "2313"]
[LiveChessVersion "1.4.8"]

1. c4 {[%clk 1:40:33]} c5 {[%clk 1:40:31]} 2. g3 {[%clk 1:40:53]} d5
{[%clk 1:39:25]} 3. cxd5 {[%clk 1:40:40]} Qxd5 {[%clk 1:39:49]} 4. Nf3
{[%clk 1:40:58]} Qh5 {[%clk 1:37:35]} 5. Nc3 {[%clk 1:38:35]} a6 {[%clk 1:37:47]}
6. Bg2 {[%clk 1:33:43]} Nf6 {[%clk 1:36:51]} 7. h3 {[%clk 1:26:32]} Nc6
{[%clk 1:35:56]} 8. d3 {[%clk 1:16:39]} h6 {[%clk 1:36:23]} 9. g4
{[%clk 1:13:25]} Qg6 {[%clk 1:36:50]} 10. Nh4 {[%clk 1:13:29]} Qh7
{[%clk 1:37:12]} 11. Ne4 {[%clk 1:12:06]} Nxe4 {[%clk 1:35:43]} 12. Bxe4
{[%clk 1:12:19]} g6 {[%clk 1:36:11]} 13. Be3 {[%clk 1:09:31]} e5 {[%clk 1:34:04]}
14. Bxc6+ {[%clk 1:06:12]} bxc6 {[%clk 1:34:32]} 15. Qa4 {[%clk 1:06:21]} Bd7
{[%clk 1:34:31]} 16. Rc1 {[%clk 1:05:52]} Qg7 {[%clk 1:33:11]} 17. Bxc5
{[%clk 1:03:15]} Bxc5 {[%clk 1:33:40]} 18. Rxc5 {[%clk 1:03:35]} Qf6
{[%clk 1:34:08]} 19. Nf3 {[%clk 1:03:32]} O-O {[%clk 1:30:39]} 20. Nxe5
{[%clk 1:02:37]} Be6 {[%clk 1:29:35]} 21. O-O {[%clk 0:58:32]} Qh4
{[%clk 1:23:08]} 22. Kg2 {[%clk 0:57:26]} Bd5+ {[%clk 1:14:00]} 23. e4
{[%clk 0:55:26]} Qe7 {[%clk 1:13:25]} 24. Qd4 {[%clk 0:54:40]} Bxa2
{[%clk 1:10:16]} 25. Nxc6 {[%clk 0:53:30]} Qh4 {[%clk 1:10:17]} 26. f4
{[%clk 0:49:05]} f5 {[%clk 1:07:29]} 27. gxf5 {[%clk 0:46:45]} gxf5
{[%clk 1:07:36]} 28. Kh2 {[%clk 0:43:32]} Kh7 {[%clk 1:06:32]} 29. Ne5
{[%clk 0:40:23]} Ra7 {[%clk 1:00:53]} 30. Ng6 {[%clk 0:37:43]} Kxg6
{[%clk 1:01:15]} 31. Rc6+ {[%clk 0:38:00]} Kh5 {[%clk 1:00:39]} 32. Qd6
{[%clk 0:36:07]} 1-0